Bandiere dei paesi che iniziano con M - Statistics

Statistiche generali
  • Questo quiz è stato fatto 144 volte
  • Il punteggio medio è 16 su 17
Statistiche sulle risposte
con Immagini Risposta % Corretto
Messico
100%
Marocco
99%
Macedonia del Nord
97%
Malesia
97%
Malta
97%
Moldavia
97%
Montenegro
93%
Monaco
92%
Mongolia
92%
Mozambico
92%
Stati Federati di {Micronesia}
91%
Mali
90%
Madagascar
87%
Mauritania
87%
Maldive
86%
Mauritius
82%
Malawi
81%
Nessun quiz corrispondente trovato
Distribuzione punteggi
Percentuale di utenti per punteggio
Percentile per numero di risposta
I tuoi punteggi nel tempo
Non hai fatto questo quiz